000
00298nam a2200109Ia 4500
008
171205s9999 xx 000 0 und d
020
_a
9789715428170
100
_a
Teodoro, Luis V.
245
_c
Luis V. Teodoro
_a
Divide by Two
260
_b
University of the Philippines
_c
2016
300
_a
243 pages
999
_c
347364
_d
347364